5HLuxD.jpg

KING HENRY VIII SENIOR AND PRIMARY SCHOOL LIBRARY OPAC

The little red hen / (Record no. 3645)

000 -LEADER
fixed length control field 00861cam a2200289 4500
001 - CONTROL NUMBER
control field 1615769
003 - CONTROL NUMBER IDENTIFIER
control field OSt
005 - DATE AND TIME OF LATEST TRANSACTION
control field 20240320145114.0
008 - FIXED-LENGTH DATA ELEMENTS--GENERAL INFORMATION
fixed length control field 140103t20132012enka b 000 f eng d
020 ## - INTERNATIONAL STANDARD BOOK NUMBER
International Standard Book Number 9780723281795
Qualifying information (hbk.) :
035 ## - SYSTEM CONTROL NUMBER
System control number (OCoLC)867167213
040 ## - CATALOGING SOURCE
Original cataloging agency KML
Language of cataloging eng
Transcribing agency KML
Modifying agency NTBC
-- KH8
Description conventions ccr
041 0# - LANGUAGE CODE
Language code of text/sound track or separate title eng
042 ## - AUTHENTICATION CODE
Authentication code nbic
082 0# - DEWEY DECIMAL CLASSIFICATION NUMBER
Classification number 823.914 SOU
100 1# - MAIN ENTRY--PERSONAL NAME
Personal name Southgate, Vera.
Relator term author
245 14 - TITLE STATEMENT
Title The little red hen /
Statement of responsibility, etc. retold by Vera Southgate M.A., B.COM with illustrations by Melanie Florian.
250 ## - EDITION STATEMENT
Edition statement [2013] edition.
260 ## - PUBLICATION, DISTRIBUTION, ETC.
Place of publication, distribution, etc. London :
Name of publisher, distributor, etc. Ladybird,
Date of publication, distribution, etc. [2012]
300 ## - PHYSICAL DESCRIPTION
Extent 42 pages :
Other physical details color illustrations ;
Dimensions 20 cm.
490 1# - SERIES STATEMENT
Series statement Ladybird tales.
650 #0 - SUBJECT ADDED ENTRY--TOPICAL TERM
Topical term or geographic name entry element Hens
Form subdivision Juvenile fiction.
655 #0 - INDEX TERM--GENRE/FORM
Genre/form data or focus term Children's stories.
700 1# - ADDED ENTRY--PERSONAL NAME
Personal name Florian, Melanie,
Relator term illustrator.
830 #0 - SERIES ADDED ENTRY--UNIFORM TITLE
Uniform title Ladybird tales.
942 ## - ADDED ENTRY ELEMENTS (KOHA)
Source of classification or shelving scheme
Koha item type Books - Fiction
Holdings
Withdrawn status Lost status Source of classification or shelving scheme Damaged status Not for loan Collection code Permanent Location Current Location Shelving location Date acquired Full call number Barcode Date last seen Price effective from Koha item type
          Fiction KH8 Primary School Library KH8 Primary School Library Non Fiction 2024-03-20 823.914 SOU KHPL000004515 2025-12-05 2024-03-20 Books - Fiction

Powered By KH8 IT Dept